Normal view
MARC view
Entry Nombre de reunión
001 - NÚMERO DE CONTROL
- campo de control: 81005
003 - IDENTIFICADOR DEL NÚMERO DE CONTROL
- campo de control: DO-SdBNP
005 - FECHA Y HORA DE LA ÚLTIMA TRANSACCIÓN
- campo de control: 20220125120919.0
008 - DATOS DE LONGITUD FIJA
- campo de control de longitud fija: 220125|| aca||aabn | a|a d
040 ## - FUENTE DE LA CATALOGACIÓN
- Centro catalogador/agencia de origen: DO-SdBNP
- Centro/agencia transcriptor: DO-SdBNP
111 ## - ENCABEZAMIENTO--NOMBRE DE CONGRESO/REUNIÓN
- Nombre de congreso/reunión o jurisdicción como elemento de entrada: XIV Feria Nacional del Liibro
- Sede del congreso/Lugar de la reunión: Plaza de la Cultura Juan Pablo Duarte, Santo Domingo , Rep. Dom.)
- Fecha del congreso/reunión: (1986 : 23 al 30 abril
670 ## - FUENTE DE DATOS ENCONTRADOS
- Cita de la fuente: Work cat.: (DO-SdBNP): XIV Feria Nacional del Liibro Plaza de la Cultura Juan Pablo Duarte, Santo Domingo , Rep. Dom.) (1986 : 23 al 30 abril : 14ª. : , XIV Feria Nacional del Libro :
